[Event "Mittelfranken-chTB2a 1920"]
[Site "Mittelfranken"]
[Date "2019.11.03"]
[Round "2.1"]
[White "Kotitschke, Karlheinz"]
[Black "Stuhl, Alexander"]
[Result "0-1"]
[WhiteElo "1801"]
[BlackElo "1958"]
[PlyCount "52"]
[EventDate "2019.10.13"]
[EventType "team-tourn"]
[EventRounds "9"]
[EventCountry "GER"]
[SourceTitle "EXT 2023"]
[Source "ChessBase"]
[SourceDate "2022.10.05"]
[SourceVersion "1"]
[SourceVersionDate "2022.10.05"]
[SourceQuality "1"]
[WhiteTeam "Rothenburg II"]
[BlackTeam "Ansbach/Bad Windsheim"]
[WhiteTeamCountry "GER"]
[BlackTeamCountry "GER"]

1. d4 Nf6 2. Nc3 d5 3. Bf4 e6 4. e3 Be7 5. Nf3 0-0 6. Ne5 c5 7. Qf3 Nc6 8. 0-0-0 Qb6 9. dxc5 Qxc5 10. Nxc6 bxc6 11. Be5 a5 12. Bd4 Qb4 13. a3 Qb8 14. Qg3 Qxg3 15. hxg3 Ng4 16. Bd3 f5 17. e4 c5 18. exf5 cxd4 19. fxe6 dxc3 20. Bxh7+ Kh8 21. Be4+ Nh6 22. Bxd5 cxb2+ 23. Kb1 Ra6 24. Bc4 Rc6 25. Bb5 Rxe6 26. f4 Re3 0-1

[Event "GER-ch op U25"]
[Site "Willingen"]
[Date "2006.06.09"]
[Round "9"]
[White "Held, Florian"]
[Black "Stuhl, Alexander"]
[Result "1-0"]
[WhiteElo "2016"]
[BlackElo "2115"]
[PlyCount "75"]
[EventDate "2006.06.04"]
[EventType "swiss"]
[EventRounds "9"]
[EventCountry "GER"]
[SourceTitle "EXT 2007"]
[Source "ChessBase"]
[SourceDate "2006.11.23"]
[SourceVersion "1"]
[SourceVersionDate "2006.11.23"]
[SourceQuality "1"]

1. e4 e5 2. Nf3 Nf6 3. Nxe5 Nc6 4. Nxc6 dxc6 5. d3 Bc5 6. Be2 h5 7. c3 Bb6 8. Bg5 Qd6 9. Nd2 Ng4 10. Bh4 Qf4 11. Nf3 Be6 12. Bg3 Qh6 13. h3 Nf6 14. Qd2 Qg6 15. Ne5 Qh7 16. 0-0 0-0-0 17. Qf4 h4 18. Bh2 Nh5 19. Bxh5 Qxh5 20. a4 g5 21. Qf6 g4 22. a5 Bc5 23. hxg4 Bxg4 24. Nxg4 Qxg4 25. d4 h3 26. Bg3 hxg2 27. Kxg2 Qxe4+ 28. f3 Qc2+ 29. Rf2 Qh7 30. Re2 Rdg8 31. Kf2 Rxg3 32. Kxg3 Qh3+ 33. Kf2 Qh2+ 34. Ke1 Qg3+ 35. Kd2 Rd8 36. Qf5+ Kb8 37. Qxc5 Qxf3 38. Rae1 1-0

[Event "GER-ch op U25"]
[Site "Willingen"]
[Date "2006.06.08"]
[Round "7"]
[White "Stuhl, Alexander"]
[Black "Lantzsch, Christian"]
[Result "0-1"]
[WhiteElo "2115"]
[BlackElo "2210"]
[PlyCount "64"]
[EventDate "2006.06.04"]
[EventType "swiss"]
[EventRounds "9"]
[EventCountry "GER"]
[SourceTitle "EXT 2007"]
[Source "ChessBase"]
[SourceDate "2006.11.23"]
[SourceVersion "1"]
[SourceVersionDate "2006.11.23"]
[SourceQuality "1"]

1. d4 f5 2. g4 d5 3. g5 c5 4. c3 e6 5. Bf4 Ne7 6. Nh3 Ng6 7. Rg1 Qb6 8. b3 cxd4 9. Bxb8 Rxb8 10. Qxd4 Qc7 11. e3 Bc5 12. Qd1 Qxh2 13. b4 Bb6 14. Nd2 Qc7 15. Rc1 Qe7 16. Qb3 Bd7 17. c4 d4 18. e4 Bc7 19. a3 0-0 20. Bg2 Nf4 21. Qf3 fxe4 22. Nxe4 Nxg2+ 23. Qxg2 Bc6 24. g6 h6 25. Qg4 Bxe4 26. Qxe4 Qf6 27. Rd1 Qf5 28. Qxf5 Rxf5 29. Rxd4 Rf3 30. Rh1 Rxa3 31. f4 e5 32. Re4 Ra1+ 0-1

[Event "GER-ch op U25"]
[Site "Willingen"]
[Date "2006.06.07"]
[Round "6"]
[White "Kyas, Marcel"]
[Black "Stuhl, Alexander"]
[Result "0-1"]
[WhiteElo "1918"]
[BlackElo "2115"]
[PlyCount "80"]
[EventDate "2006.06.04"]
[EventType "swiss"]
[EventRounds "9"]
[EventCountry "GER"]
[SourceTitle "EXT 2007"]
[Source "ChessBase"]
[SourceDate "2006.11.23"]
[SourceVersion "1"]
[SourceVersionDate "2006.11.23"]
[SourceQuality "1"]

1. d4 e6 2. c4 f5 3. Nc3 d5 4. Bf4 c6 5. e3 Nf6 6. Nf3 Be7 7. Bd3 0-0 8. 0-0 Ne4 9. h3 Nd7 10. Ne5 Nxe5 11. Bxe5 b6 12. f3 Nxc3 13. bxc3 c5 14. Qb3 Bb7 15. Rac1 Bd6 16. Bxd6 Qxd6 17. Rfd1 f4 18. cxd5 fxe3 19. Be2 Bxd5 20. c4 Bxf3 21. Qxe3 Bxe2 22. Qxe2 cxd4 23. Qe4 Rad8 24. Rd3 Rf4 25. Qb7 Rf7 26. Qe4 Rf4 27. Qb7 Qd7 28. Qa6 e5 29. Rcd1 Rdf8 30. R3d2 e4 31. Qa3 d3 32. Qb3 Qd4+ 33. Kh1 Kh8 34. Qb1 Qxc4 35. Rc1 Qd4 36. Re1 a5 37. Qc1 h6 38. Qc6 a4 39. Qg6 b5 40. Qc6 Qe5 0-1

[Event "Stuttgart-chA int"]
[Site "Ditzingen"]
[Date "2006.05.28"]
[Round "7"]
[White "Stuhl, Alexander"]
[Black "Baumstark, Thomas"]
[Result "1/2-1/2"]
[WhiteElo "2115"]
[BlackElo "2214"]
[PlyCount "26"]
[EventDate "2006.05.25"]
[EventType "swiss"]
[EventRounds "7"]
[EventCountry "GER"]
[SourceTitle "EXT 2018"]
[Source "ChessBase"]
[SourceDate "2017.10.13"]
[SourceVersion "1"]
[SourceVersionDate "2017.10.13"]
[SourceQuality "1"]

1. e4 c5 2. Nf3 e6 3. d4 cxd4 4. Nxd4 Nf6 5. Bd3 Nc6 6. Nb3 d5 7. exd5 Nxd5 8. 0-0 Be7 9. Qe2 Qc7 10. c4 Nf4 11. Bxf4 Qxf4 12. Nc3 0-0 13. Rad1 Rd8 1/2-1/2

[Event "Stuttgart-chA int"]
[Site "Ditzingen"]
[Date "2006.05.25"]
[Round "2"]
[White "Krockenberger, Martin"]
[Black "Stuhl, Alexander"]
[Result "1-0"]
[WhiteElo "2272"]
[BlackElo "2115"]
[PlyCount "105"]
[EventDate "2006.05.25"]
[EventType "swiss"]
[EventRounds "7"]
[EventCountry "GER"]
[SourceTitle "EXT 2018"]
[Source "ChessBase"]
[SourceDate "2017.10.13"]
[SourceVersion "1"]
[SourceVersionDate "2017.10.13"]
[SourceQuality "1"]

1. c4 e6 2. g3 Nf6 3. Bg2 Be7 4. Nf3 d5 5. 0-0 0-0 6. b3 c5 7. Bb2 Nc6 8. e3 Re8 9. Qe2 Bf8 10. d3 e5 11. cxd5 Nxd5 12. a3 f6 13. Qc2 Bg4 14. Nbd2 Rc8 15. Rac1 Kh8 16. Qb1 Nc7 17. Rfe1 Ne6 18. h3 Bh5 19. Bc3 a5 20. Nh4 Bf7 21. Bf3 Rc7 22. Kh2 Qb8 23. Bd1 b5 24. Bb2 Rd8 25. Nhf3 Rcd7 26. Bc2 Bg8 27. Qa1 Nc7 28. Rg1 b4 29. a4 Rxd3 30. Bxd3 Rxd3 31. Qb1 Rxb3 32. Qc2 Rxb2 33. Qxb2 Nd5 34. Nc4 Qc7 35. Rgd1 Qf7 36. Nfd2 Nc3 37. Rxc3 bxc3 38. Qxc3 Nb4 39. Nxa5 Qc7 40. Nac4 Bd5 41. e4 Bb7 42. Ne3 h6 43. Qc4 Ba6 44. Qe6 Be2 45. Re1 Bd3 46. Rc1 Kh7 47. Nd5 Qa5 48. Nb3 Qxa4 49. Nxc5 Bxc5 50. Nxf6+ gxf6 51. Qf7+ Kh8 52. Rxc5 Qa8 53. Rc7 1-0

[Event "Staufer op 18th"]
[Site "Schwaebisch Gmuend"]
[Date "2006.01.02"]
[Round "2"]
[White "Stuhl, Alexander"]
[Black "Schneider, Ilja"]
[Result "0-1"]
[WhiteElo "2107"]
[BlackElo "2392"]
[PlyCount "48"]
[EventDate "2006.01.02"]
[EventType "swiss"]
[EventRounds "9"]
[EventCountry "GER"]
[SourceTitle "EXT 2007"]
[Source "ChessBase"]
[SourceDate "2006.11.23"]
[SourceVersion "1"]
[SourceVersionDate "2006.11.23"]
[SourceQuality "1"]

1. d4 d5 2. Nf3 Nc6 3. g3 Bg4 4. Bg2 e6 5. 0-0 Bd6 6. Re1 Nf6 7. c4 0-0 8. Nc3 dxc4 9. e4 Bb4 10. a3 Ba5 11. e5 Nd5 12. Re4 Bf5 13. Bg5 Nxc3 14. bxc3 f6 15. Rf4 fxg5 16. Rxf5 exf5 17. Qe2 b5 18. d5 Bxc3 19. Rc1 Nd4 20. Nxd4 Bxd4 21. Rd1 Bc5 22. d6 cxd6 23. Bxa8 Qxa8 24. exd6 Qe4 0-1

[Event "GER-ch U25"]
[Site "Willingen"]
[Date "2005.05.19"]
[Round "7"]
[White "Stuhl, Alexander"]
[Black "Blaschke, Tobias"]
[Result "1-0"]
[WhiteElo "2071"]
[BlackElo "2000"]
[PlyCount "75"]
[EventDate "2005.05.14"]
[EventType "swiss"]
[EventRounds "9"]
[EventCountry "GER"]
[SourceTitle "CBM 106 Extra"]
[Source "ChessBase"]
[SourceDate "2005.07.01"]
[SourceVersion "1"]
[SourceVersionDate "2005.07.01"]
[SourceQuality "1"]

1. e4 d5 2. exd5 Qxd5 3. Nc3 Qd6 4. d4 Nf6 5. Bc4 a6 6. Nge2 Qc6 7. Qd3 Qxg2 8. Rg1 Qxh2 9. Bf4 Qh3 10. f3 Nc6 11. Bxc7 Nb4 12. Qd2 Qxf3 13. 0-0-0 Qc6 14. Ba5 Qxc4 15. b3 Nxa2+ 16. Kb2 Qc6 17. Kxa2 Bf5 18. Rg5 g6 19. Rxf5 gxf5 20. Qf4 Nd5 21. Qe5 Nxc3+ 22. Nxc3 Rg8 23. Qxf5 b6 24. Rf1 Rg7 25. Bb4 a5 26. Ba3 Rc8 27. Rf3 b5 28. d5 Qd7 29. Qe5 b4 30. Ne4 Qc7 31. d6 Qxc2+ 32. Bb2 Qc6 33. Nf6+ Kd8 34. Qxa5+ Rc7 35. dxc7+ Kc8 36. Rd3 Rg5 37. Rd8+ Kb7 38. Qa8+ 1-0

[Event "GER-ch U25"]
[Site "Willingen"]
[Date "2005.05.17"]
[Round "5"]
[White "Jaehn, Michael"]
[Black "Stuhl, Alexander"]
[Result "0-1"]
[WhiteElo "1977"]
[BlackElo "2071"]
[PlyCount "70"]
[EventDate "2005.05.14"]
[EventType "swiss"]
[EventRounds "9"]
[EventCountry "GER"]
[SourceTitle "CBM 106 Extra"]
[Source "ChessBase"]
[SourceDate "2005.07.01"]
[SourceVersion "1"]
[SourceVersionDate "2005.07.01"]
[SourceQuality "1"]

1. d4 e6 2. c4 Nf6 3. Nf3 Bb4+ 4. Bd2 Qe7 5. g3 Nc6 6. Bg2 Bxd2+ 7. Nbxd2 d6 8. e4 e5 9. d5 Nb8 10. 0-0 a5 11. Ne1 0-0 12. Nd3 Re8 13. Qc2 c6 14. Rac1 b6 15. a3 a4 16. b4 axb3 17. Qxb3 Qa7 18. Rc3 Bd7 19. Rb1 b5 20. cxb5 cxb5 21. Qb4 Qd4 22. Qxd4 exd4 23. Rcb3 Na6 24. f4 Ng4 25. Bh3 h5 26. e5 Nc5 27. Nxc5 dxc5 28. Ne4 c4 29. Rb4 Rxa3 30. Nd6 d3 31. Bxg4 hxg4 32. Kf1 Rea8 33. f5 c3 34. Ke1 c2 35. Rc1 Ra1 0-1

[Event "Oberliga Wuerttemberg 0304"]
[Site "Wuerttemberg"]
[Date "2003.10.26"]
[Round "2.7"]
[White "Plenca, Julian"]
[Black "Stuhl, Alexander"]
[Result "1-0"]
[WhiteElo "2059"]
[BlackElo "2098"]
[PlyCount "67"]
[EventDate "2003.09.28"]
[EventType "team"]
[EventRounds "9"]
[EventCountry "GER"]
[SourceTitle "EXT 2006"]
[Source "ChessBase"]
[SourceDate "2005.11.24"]
[SourceVersion "1"]
[SourceVersionDate "2005.11.24"]
[SourceQuality "1"]
[WhiteTeam "Stuttgart II"]
[BlackTeam "Schwaebisch Gmuend"]
[WhiteTeamCountry "GER"]
[BlackTeamCountry "GER"]

1. e4 c5 2. Nf3 e6 3. d4 cxd4 4. Nxd4 a6 5. c4 Nf6 6. Nc3 d6 7. Be2 b6 8. Be3 Bb7 9. f3 h5 10. Rc1 Nbd7 11. 0-0 Qc7 12. Qe1 Rg8 13. h4 Be7 14. Qg3 Ne5 15. Rfd1 g6 16. Bg5 Rd8 17. Kh1 Nh7 18. Bxe7 Kxe7 19. f4 Nd7 20. Bf3 Qxc4 21. Nd5+ exd5 22. Rxc4 dxc4 23. e5 d5 24. Qe1 Nhf8 25. Qb4+ Ke8 26. f5 Nxe5 27. f6 Kd7 28. Qe7+ Kc8 29. Qxe5 Nd7 30. Qd6 Rge8 31. Nc6 Bxc6 32. Qxc6+ Kb8 33. Bxd5 Nc5 34. Qxb6+ 1-0

[Event "GER-ch Lands U20"]
[Site "Kassel"]
[Date "2003.10.22"]
[Round "6.2"]
[White "Holzschuh, Stephan"]
[Black "Stuhl, Alexander"]
[Result "0-1"]
[WhiteElo "2138"]
[BlackElo "2029"]
[PlyCount "88"]
[EventDate "2003.10.19"]
[EventType "team"]
[EventRounds "7"]
[EventCountry "GER"]
[SourceTitle "EXT 2004"]
[Source "ChessBase"]
[SourceDate "2003.11.25"]
[SourceVersion "1"]
[SourceVersionDate "2003.11.25"]
[SourceQuality "1"]

1. e4 c5 2. Nf3 e6 3. d4 cxd4 4. Nxd4 a6 5. Nc3 d6 6. Be3 Nd7 7. Be2 b6 8. f4 Bb7 9. Bf3 Qc7 10. Qe2 Ngf6 11. Nb3 Be7 12. g4 h6 13. 0-0-0 b5 14. Qg2 Rc8 15. Rd2 b4 16. Ne2 Nb6 17. Bxb6 Qxb6 18. g5 hxg5 19. fxg5 Nd7 20. g6 Ne5 21. gxf7+ Kxf7 22. Ned4 Rh4 23. Rf1 Bf6 24. Kb1 Rch8 25. Qg3 Rh3 26. Qf4 R8h4 27. Bh5+ Rxh5 28. Rg2 Ke7 29. Rfg1 Rh7 30. Nxe6 Kxe6 31. Rd1 Rf3 32. Qd2 Nf7 33. Qe2 Rxb3 34. Qg4+ Ke7 35. axb3 Qc5 36. Re2 Qe5 37. c3 Rh4 38. Qg1 Bxe4+ 39. Rc2 bxc3 40. Qb6 Qb5 41. Qc7+ Qd7 42. Qb6 Qc6 43. Qf2 Qb5 44. bxc3 Qxb3+ 0-1

[Event "GER-ch Lands U20"]
[Site "Kassel"]
[Date "2003.10.20"]
[Round "2.3"]
[White "Zollondz, Mark"]
[Black "Stuhl, Alexander"]
[Result "1-0"]
[WhiteElo "1968"]
[BlackElo "2029"]
[PlyCount "63"]
[EventDate "2003.10.19"]
[EventType "team"]
[EventRounds "7"]
[EventCountry "GER"]
[SourceTitle "EXT 2004"]
[Source "ChessBase"]
[SourceDate "2003.11.25"]
[SourceVersion "1"]
[SourceVersionDate "2003.11.25"]
[SourceQuality "1"]

1. d4 e6 2. c4 Nf6 3. g3 d5 4. Nf3 Bb4+ 5. Bd2 Be7 6. Nc3 0-0 7. Bg2 b6 8. 0-0 c6 9. Qc2 Ba6 10. cxd5 cxd5 11. Rfe1 Nc6 12. Rac1 Rc8 13. Qa4 Bb7 14. a3 Ne4 15. Rc2 Na5 16. Ne5 f6 17. Nxe4 Rxc2 18. Qxc2 fxe5 19. Bxa5 bxa5 20. Nc5 Qc7 21. e3 Rc8 22. Rc1 Qb6 23. b4 axb4 24. axb4 exd4 25. Bh3 dxe3 26. Bxe6+ Qxe6 27. Nxe6 Rxc2 28. Rxc2 exf2+ 29. Kxf2 Bxb4 30. Rc7 Ba6 31. Rxg7+ Kh8 32. Rxa7 1-0

[Event "Oberliga Wuerttemberg 0304"]
[Site "Wuerttemberg"]
[Date "2003.09.28"]
[Round "1.7"]
[White "Stuhl, Alexander"]
[Black "Latzke, Boris Alexander"]
[Result "0-1"]
[WhiteElo "2098"]
[BlackElo "2246"]
[PlyCount "86"]
[EventDate "2003.09.28"]
[EventType "team"]
[EventRounds "9"]
[EventCountry "GER"]
[SourceTitle "EXT 2006"]
[Source "ChessBase"]
[SourceDate "2005.11.24"]
[SourceVersion "1"]
[SourceVersionDate "2005.11.24"]
[SourceQuality "1"]
[WhiteTeam "Schwaebisch Gmuend"]
[BlackTeam "Bebenhausen"]
[WhiteTeamCountry "GER"]
[BlackTeamCountry "GER"]

1. d4 Nf6 2. Nf3 b6 3. c4 e6 4. g3 Ba6 5. b3 Bb4+ 6. Bd2 Be7 7. Bg2 c6 8. 0-0 d5 9. Qc2 0-0 10. Bc1 Nbd7 11. Nbd2 Rc8 12. Bb2 c5 13. e3 cxd4 14. exd4 dxc4 15. bxc4 Bxc4 16. Nxc4 b5 17. Nfe5 Nxe5 18. dxe5 Nd5 19. Rfd1 bxc4 20. Rxd5 exd5 21. Rd1 c3 22. Bc1 d4 23. Be4 g6 24. h4 Qb6 25. Re1 Qe6 26. Bd3 Rc5 27. Qe2 Rfc8 28. f4 Ra5 29. a3 Qh3 30. Qf3 Bxh4 31. Re2 Qxg3+ 32. Qxg3 Bxg3 33. Kg2 Bh4 34. f5 Be7 35. e6 gxf5 36. Kf3 fxe6 37. Rxe6 Kf7 38. Rh6 Kg7 39. Re6 Bf6 40. Kf4 Kf7 41. Re1 h6 42. Bxf5 Bg5+ 43. Kg4 Rxf5 0-1

[Event "Wuerttemberg-ch U18"]
[Site "Stuttgart"]
[Date "2003.04.25"]
[Round "6"]
[White "Stuhl, Alexander"]
[Black "Geiger, Jonathan"]
[Result "1-0"]
[WhiteElo "1926"]
[BlackElo "1674"]
[PlyCount "95"]
[EventDate "2003.04.??"]
[EventType "swiss"]
[EventRounds "7"]
[EventCountry "GER"]
[SourceTitle "EXT 2005"]
[Source "ChessBase"]
[SourceDate "2004.11.15"]
[SourceVersion "1"]
[SourceVersionDate "2004.11.15"]
[SourceQuality "1"]

1. d4 d5 2. Nf3 Nf6 3. e3 c6 4. b3 g6 5. Be2 Bg7 6. 0-0 0-0 7. Bb2 Ne4 8. c4 Nd7 9. Nc3 Ndf6 10. Rc1 Bg4 11. h3 Bxf3 12. Bxf3 Nxc3 13. Rxc3 Re8 14. Rd3 Rc8 15. Qb1 e6 16. Rc1 Nd7 17. e4 e5 18. dxe5 dxe4 19. Rxd7 Qxd7 20. Bg4 Qd3 21. Bxc8 Rxc8 22. Qxd3 exd3 23. Rd1 Rd8 24. f4 Bf8 25. Kf2 Bc5+ 26. Kf3 Kf8 27. Ke4 d2 28. Bc3 Ke7 29. Rxd2 Ra8 30. g4 Rg8 31. Rd1 h6 32. Bd4 Bxd4 33. Rxd4 Rh8 34. f5 gxf5+ 35. gxf5 h5 36. f6+ Ke8 37. e6 fxe6 38. Ke5 Rh7 39. Kxe6 c5 40. Rd5 b6 41. Rd6 h4 42. Rc6 Kd8 43. f7 Rh6+ 44. Kf5 Rh8 45. Rg6 Rf8 46. Ke6 Re8+ 47. fxe8Q+ Kxe8 48. Rg8# 1-0

[Event "Staufer op 15th"]
[Site "Schwaebisch Gmuend"]
[Date "2003.01.05"]
[Round "8"]
[White "Fahnenschmidt, Gerhard"]
[Black "Stuhl, Alexander"]
[Result "0-1"]
[WhiteElo "2221"]
[BlackElo "1805"]
[PlyCount "122"]
[EventDate "2003.01.02"]
[EventType "swiss"]
[EventRounds "9"]
[EventCountry "GER"]
[SourceTitle "EXT 2004"]
[Source "ChessBase"]
[SourceDate "2003.11.25"]
[SourceVersion "1"]
[SourceVersionDate "2003.11.25"]
[SourceQuality "1"]

1. d4 Nf6 2. c4 e6 3. Nc3 Bb4 4. e3 c5 5. Nge2 0-0 6. a3 Bxc3+ 7. Nxc3 cxd4 8. exd4 h6 9. d5 exd5 10. cxd5 Re8+ 11. Be2 d6 12. 0-0 Nbd7 13. Bf4 Ne5 14. Rc1 a6 15. Qd4 Bd7 16. Rfe1 Qa5 17. Bf1 Re7 18. Bxe5 Rae8 19. Bxf6 Rxe1 20. Rxe1 Rxe1 21. Qd2 Ra1 22. b4 Qxa3 23. Ne4 Rb1 24. Bc3 Bb5 25. Ng3 Qc1 26. Qxc1 Rxc1 27. Bd2 Rd1 28. Bf4 g5 29. Be3 f5 30. f4 Bxf1 31. Nxf1 gxf4 32. Bd2 Kf7 33. Kf2 Rb1 34. Ke2 Rb3 35. Kd1 Rd3 36. Kc2 Rxd5 37. Bc3 f3 38. gxf3 f4 39. Bd2 Rf5 40. Kd3 Kf6 41. Bc3+ Kg5 42. Bd4 a5 43. Nd2 axb4 44. Ne4+ Kh4 45. Nxd6 Rd5 46. Nc4 Kh3 47. Ke4 Rxd4+ 48. Kxd4 Kxh2 49. Ke4 Kg3 50. Ne5 b3 51. Nd3 h5 52. Nxf4 b2 53. Ne2+ Kg2 54. Nc3 h4 55. f4 h3 56. f5 h2 57. f6 h1Q 58. Kd5 b1Q 59. Nxb1 Qxb1 60. Ke6 b5 61. f7 Qe4+ 0-1

[Event "GER tt 3 Lands "]
[Site "Schwaebisch Gmuend"]
[Date "2001.05.24"]
[Round "1.1"]
[White "Stuhl, Alexander"]
[Black "Pietzsch, Manuel"]
[Result "0-1"]
[WhiteElo "1330"]
[BlackElo "2097"]
[PlyCount "64"]
[EventDate "2001.05.??"]
[EventType "team"]
[EventRounds "3"]
[EventCountry "GER"]
[SourceTitle "EXT 2003"]
[Source "ChessBase"]
[SourceDate "2002.11.25"]
[SourceVersion "1"]
[SourceVersionDate "2002.11.25"]
[SourceQuality "1"]

1. e4 c5 2. Nf3 d6 3. d4 cxd4 4. Nxd4 Nf6 5. Nc3 g6 6. Be3 Bg7 7. f3 0-0 8. Qd2 Nc6 9. h4 h5 10. Bc4 a6 11. 0-0-0 Ne5 12. Bb3 b5 13. Bg5 Bd7 14. Rhe1 b4 15. Nce2 a5 16. f4 Neg4 17. e5 Ne4 18. Qd3 Ngf2 19. Qe3 dxe5 20. Ne6 fxe6 21. Bxe6+ Bxe6 22. Rxd8 Rfxd8 23. Rf1 Rd7 24. Rxf2 Nxf2 25. Qxf2 Rad8 26. Qe1 Bg4 27. fxe5 Bxe5 28. c3 bxc3 29. bxc3 Rd3 30. Bxe7 R8d7 31. Bg5 Bxe2 32. Qxe2 Rxc3+ 0-1